000 01112nam a2200253 i 4500
003 DO-SdBNP
005 20250407103855.0
007 ta
008 250407s2024 dr ag 000 j spa d
020 _a9788869291462
040 _aDO-SdBNP
_bspa
_cBNPHU
_erda
082 _axxx
_bV719
_222
100 1 _aVillar, Ana Rita
_977949
_eautora
_4aut.
245 1 0 _aNena :
_bmi abuelita amada /
_cAna Rita Villar
264 1 _a[Santo Domingo] :
_b[Centro Cultural de España],
_c[2024].
300 _a[38] páginas
_bIlustraciones, música ;
_c22 cm.
336 _atexto
_btxt
_2rdacontent
337 _asin mediación
_bn
_2rdamedia
338 _avolumen
_bnc
_2rdacarrier
520 _aEs una historia que nos habla del amor filial. Describe la bondad y la entrega amorosa de una dulce abuelita. Que brinda sus cuidados a manos llenas a todos sus familiares. Su legado de amor es tan profundo, que al partir de este mundo, su recuerdo sigue vivo en los corazones de todos los que recibieron la impronta de su cariño sincero.
590 _aInventariado, 2025/ YL
910 _aYLockward
942 _2ddc
_cLF2
999 _c58634
_d58634